Introduction To Mechatronics & Measurement Systems (Record no. 310565)

MARC details
000 -LEADER
fixed length control field 00462nam a2200169Ia 4500
008 - FIXED-LENGTH DATA ELEMENTS--GENERAL INFORMATION
fixed length control field 230718s9999 xx 000 0 und d
041 ## - LANGUAGE CODE
Language code of text/sound track or separate title eng
082 ## - DEWEY DECIMAL CLASSIFICATION NUMBER
Classification number 621
Item number ALC
100 ## - MAIN ENTRY--PERSONAL NAME
Personal name Alciatore D.G.
245 ## - TITLE STATEMENT
Title Introduction To Mechatronics & Measurement Systems
250 ## - EDITION STATEMENT
Edition statement 2nd ed.
260 ## - PUBLICATION, DISTRIBUTION, ETC. (IMPRINT)
Date of publication, distribution, etc. 2004
Name of publisher, distributor, etc. Tata Mc Graw-Hill
300 ## - PHYSICAL DESCRIPTION
Extent 466
365 ## - TRADE PRICE
Currency code Rs.
Price amount 295.00
700 ## - ADDED ENTRY--PERSONAL NAME
Personal name Alciatore D.G. & Histand M.B.
9 (RLIN) 188608
906 ## - LOCAL DATA ELEMENT F, LDF (RLIN)
d 111/28.04.2005
c ME INS
b 59
Holdings
Withdrawn status Lost status Damaged status Not for loan Home library Current library Date acquired Vendor Budget Code Cost, normal purchase price Bill number Total Checkouts Full call number Barcode Date last seen Discount Cost, replacement price Bill Date Koha item type Original Barcode
        Cummins College of Engineering for Women Pune Cummins College of Engineering for Women Pune 25/05/2005 Goels Computer Hut ME INS 236.00 111/28.04.2005   621 CCEP-BK-21772 18/07/2023 59 295.00 28/04/2005 Books 021772